Rybolovná politika Islandu

Rybolovný priemysel a jeho význam na Islande, vývoj podielu rybolovného priemyslu na HDP, ekonomická závislosť Islandu na tomto odvetví hospodárstva a na vývoj produkcie rybolovu a exportné príležitosti.

Gespeichert in:
Bibliographische Detailangaben
1. Verfasser: Hovorková, Katarína, 1992-
Format: Buchkapitel
Sprache:Slowakisch
Schlagworte:
Tags: Tag hinzufügen
Keine Tags, Fügen Sie das erste Tag hinzu!

MARC

LEADER 00000naa$a2200000$$$4500
001 0249528
005 20240502074006.3
041 0 |a slo 
044 |a SK 
245 1 0 |a Rybolovná politika Islandu  |c Katarína Hovorková 
520 |a Rybolovný priemysel a jeho význam na Islande, vývoj podielu rybolovného priemyslu na HDP, ekonomická závislosť Islandu na tomto odvetví hospodárstva a na vývoj produkcie rybolovu a exportné príležitosti. 
610 2 0 |a Island 
610 2 0 |a rybolov 
610 2 0 |a priemysel rybný 
610 2 0 |a hodnota pridaná ekonomická 
610 2 0 |a vývoz 
100 1 |a Hovorková, Katarína, 1992-